Spatial information technology for natural resource management (Record no. 396881)

MARC details
000 -LEADER
fixed length control field 00613 a2200217 4500
005 - DATE & TIME
control field 20260412105612.0
008 - FIXED-LENGTH DATA ELEMENTS--GENERAL INFORMATION
fixed length control field 260410b |||||||| |||| 00| 0 eng d
020 ## - ISBN
International Standard Book Number 9788180693830
Price Rs. 150.00
040 ## - CATALOGING SOURCE
Original cataloging agency VIVEKANANDA LIBRARY
082 ## - DDC NUMBER
Classification number 333.7
Book Number M726S
100 ## - MAIN ENTRY--PERSONAL NAME
Personal name Mohammad, Noor, ed.
245 ## - TITLE STATEMENT
Title Spatial information technology for natural resource management
260 ## - PUBLICATION, DISTRIBUTION, ETC. (IMPRINT)
Name of publisher, distributor, etc Concept Publishing
Place of publication, distribution, etc New Delhi
Date of publication, distribution, etc 2007
300 ## - PHYSICAL DESCRIPTION
Pages xi, 180
650 ## - Subject
Subject Economics
650 ## - Subject
Subject Economics of Land
650 ## - Subject
Subject Natural Resources- Energy
700 ## - Added Entry Personal Name
Added Entry Personal Name Singh, R B, ed.
700 ## - Added Entry Personal Name
Added Entry Personal Name Dutta, Anindita, ed.
942 ## - ADDED ENTRY ELEMENTS (KOHA)
Koha item type Books
Holdings
Withdrawn status Lost status Source of classification or shelving scheme Damaged status Not for loan Location (home branch) Sublocation or collection (holding branch) Shelving location Date acquired Koha issues (times borrowed) Koha full call number Accession No. Koha date last seen Koha item type
    Dewey Decimal Classification     VIVEKANANDA LIBRARY VIVEKANANDA LIBRARY Geography Department 24/03/2026   333.7 M726S 438875 24/03/2026 Books
    Dewey Decimal Classification     VIVEKANANDA LIBRARY VIVEKANANDA LIBRARY Geography Department 24/03/2026   333.7 M726S 438876 24/03/2026 Books
© Designed and Maintained by Vivekananda Library, MDU Rohtak